| 000 | 01233nam a2200349 i 4500 | ||
|---|---|---|---|
| 001 | 35012 | ||
| 003 | ES-MaACL | ||
| 005 | 20250614063109.0 | ||
| 007 | t| | ||
| 008 | 030211s1973 sp af ||||1| spa d | ||
| 017 | _aM 13545-1973 | ||
| 020 | _a8440060653 | ||
| 040 | _cES-MaACL | ||
| 080 | _a946.41 M.(088.3) | ||
| 080 | _a860-94"19" | ||
| 080 | _a398.2(460.27 M.) | ||
| 100 | 1 |
_aBorrás, Tomás, _d1891-1976 _930556 _eaut |
|
| 245 | 1 | 0 |
_aLeyendas, tradiciones, ensoñamientos y trucos de Madrid / _cTomás Borrás ; dibujos de Antonio Casero, Serny, Lorenzo Goñi. |
| 260 |
_aMadrid : _bVassallo de Mumbert, _c[1973] |
||
| 300 |
_a505 p., 24 lám. n. y col. : _bgrab. ; _c24 cm. |
||
| 650 | 7 |
_aLeyendas- _zMadrid _9138837 |
|
| 651 | 4 |
_aMadrid- _xHistoria- _vCuriosidades _98965 |
|
| 700 | 1 |
_aCasero, Antonio, _d1897-1973 _9155265 _eill |
|
| 700 | 1 |
_aGoñi, Lorenzo, _d1911-1992 _959083 _eill |
|
| 700 | 0 |
_aSerny _9105589 _eill |
|
| 700 | 0 |
_aSantos, Fermín _9103472 _eill |
|
| 700 | 1 |
_aGómez Yebra, Antonio A., _d1950- _958196 _eill |
|
| 852 |
_aES-MaACL _jC-53787 _xEncuadernación cartoné con sobrecubiertas _cDEPO2 |
||
| 942 |
_cMONOGRAFIA _n0 |
||
| 999 |
_c35012 _d35012 |
||